Постановление ЦИК и СНК СССР о приеме в высшие учебные заведения и техникумы /детей, нетрудящихся лиц лишенных избирательных пра...

RUSMARC
00005370nac2a22003493x 450
0010a830f8f-bc74-4af3-bb91-1596a0f471c6
00520251208154057.0
100##$a20251002l19351936k y0rusy50 ca
1010#$arus
102##$aRU
105##$ay j |||||
1222#$ad19351231
$ad19361121
2001#$aПостановление ЦИК и СНК СССР о приеме в высшие учебные заведения и техникумы /детей, нетрудящихся лиц лишенных избирательных прав/
$j31.12.1935 - 21.11.1936
215##$a3 листа
$d32,5 х 23
251##$cДело
300##$aЗаголовок дела на папке: Постановление ЦИК и СНК СССР о приеме в высшие уч. заведения и техникумы (детей нетрудящихся лиц, лишенных изб. прав)
300##$aОбложка разорвана
300##$aМашинописный и рукописный текст
324##$aВ деле имеются копии отдельных документов
330##$aВходит в раздел описи: Оргкомиссия
461#0$1001796d4672-8a00-4986-b488-6e42273792cc
$12001
$aЦЕНТРАЛЬНЫЙ ИСПОЛНИТЕЛЬНЫЙ КОМИТЕТ СССР (ЦИК СССР).
$1251
$cФонд
$1852
$gР
$j3316
462#0$1001b2b03070-aa26-4135-b154-6f52ec7c8bcd
$12001
$aДела Секретариата Президиума ЦИК Союза ССР за 1935 год
$vД. 234
$1251
$cОпись
$1852
$j28
5171#$aПостановление ЦИК и СНК СССР о приеме в высшие уч. заведения и техникумы (детей нетрудящихся лиц, лишенных изб. прав)
60101$3RU\NLR\AUTH\880357276
$aСССР
$bЦИК
60101$3RU\NLR\AUTH\8810020782
$aСССР
$bСовет Народных Комиссаров
605##$3DITM\AF\0000002775
$aВласть
$lколлекция
$2acquisition_prlib
6101#$aПостановление
$aВысшие учебные заведения
$aТехникумы
$aДети
$aНетрудящиеся лица
$aИзбирательные права
686##$a67.401.011.12ю1
$cПраво
$2rubbk
686##$a63.3(2)614-332ю1
$cИстория
$2rubbk
801#0$aRU
$bGA_RF
801#1$aRU
$bГлавНИВЦ
$c20251002
$2rusmarc
801#2$aRU
$bПБ им. Б.Н. Ельцина
$c20251208
$gRCR
$2rusmarc
852##$aГА РФ
$j234
937##$d199469123
$hГАРФ
035##$aRuPRLIB51080652
856##$uhttp://readingroom.main.prlib.ru/item.aspx?id_node=n199469123&mode=full
Формат отображения